| 000 | 00789nam a22002297a 4500 | ||
|---|---|---|---|
| 005 | 20170320104039.0 | ||
| 010 | _a1617EN ENG-117112 | ||
| 020 |
_a9781138695634 _c1995.00 |
||
| 035 | _aB-649825-828 | ||
| 035 | _aEN-100644 | ||
| 037 |
_aDPL _bUPPAL |
||
| 037 | _bDBAD/PUB | ||
| 082 | _a801.95 | ||
| 245 |
_a20th(Twentyth) century literary criticism: _ced by David Lodge _ba reader / |
||
| 260 |
_aNew York _bRoutledge _c2016 |
||
| 270 |
_a711 third avenue _bNew York _eNY 10017 |
||
| 300 |
_axx,683p. _c25cm(pbk) |
||
| 500 | _ainculds index | ||
| 700 | _aLodge, David | ||
| 942 |
_2ddc _cEN _h801.95 _mTWN |
||
| 999 |
_c102151 _d102151 |
||